Statistics for Zoomed in Flags 1

Click here to take the quiz!

General Stats

  • This quiz has been taken 21 times
  • The average score is 19 of 20

Answer Stats

Answer% Correct
Argentina
100%
Australia
100%
Brazil
100%
China
100%
Germany
100%
India
100%
Israel
100%
Italy
100%
Japan
100%
Poland
100%
Russia
100%
Saudi Arabia
100%
South Korea
100%
United Kingdom
100%
United States of America
100%
Belgium
95%
France
95%
New Zealand
95%
Pakistan
80%
Papua New Guinea
60%

Score Distribution

Percentile by Number Answered

Percent of People with Each Score

Your Score History

You have not taken this quiz